| 000 | 00383nam a22001337a 4500 | ||
|---|---|---|---|
| 999 |
_c115318 _d115318 |
||
| 005 | 20220113153254.0 | ||
| 008 | 200101b ||||| |||| 00| 0 eng d | ||
| 040 | _cPK-LaUMT | ||
| 082 |
_a346.00264 _bUNC- |
||
| 245 |
_aUnclassified cases [UC, Vol. XVI, 1995] _cedited by M. Farani. . .[et al.] |
||
| 260 |
_aLahore: _bNational Law Reporter, _c1995 |
||
| 300 | _a824 p. | ||
| 942 | _cLPJ | ||